Electronic devices and circuits : (Record no. 182090)

000 -LEADER
fixed length control field 01674 a2200253 4500
003 - CONTROL NUMBER IDENTIFIER
control field Nust
005 - DATE AND TIME OF LATEST TRANSACTION
control field 20221128140039.0
010 ## - LIBRARY OF CONGRESS CONTROL NUMBER
LC control number 84015783
020 ## - INTERNATIONAL STANDARD BOOK NUMBER
International Standard Book Number 0030624819
040 ## - CATALOGING SOURCE
Transcribing agency Nust
082 00 - DEWEY DECIMAL CLASSIFICATION NUMBER
Classification number 621.3815,GHA
100 1# - MAIN ENTRY--PERSONAL NAME
Personal name Ghausi, Mohammed Shuaib.
9 (RLIN) 103695
245 10 - TITLE STATEMENT
Title Electronic devices and circuits :
Remainder of title discrete and integrated /
Statement of responsibility, etc. M.S. Ghausi.
260 ## - PUBLICATION, DISTRIBUTION, ETC.
Place of publication, distribution, etc. New York :
Name of publisher, distributor, etc. Holt, Rinehart, and Winston,
Date of publication, distribution, etc. c1985.
300 ## - PHYSICAL DESCRIPTION
Extent xxii, 808 p. :
Other physical details ill. ;
Dimensions 25 cm.
440 #0 - SERIES STATEMENT/ADDED ENTRY--TITLE
Title HRW series in electrical and computer engineering
9 (RLIN) 103696
505 ## - FORMATTED CONTENTS NOTE
Formatted contents note Diodes and Circuit Applications (Page-1), Bipolar Junction Transistors (Page-61), Field-Effect Transistors (Page-124), Single-Transistor (BJT and FET) Amplifiers (Page-175), Multiple-Transistor Amplifiers (Page-208), Output Stages and Power Amplifiers (Page-265), Frequency Response of Single Transistor Amplifiers (Page-292), Frequency Response Multiple Transistor Amplifiers (Page-351), Operational Amplifiers and Applications (Page-398), Feedback and Oscillators (Page-457), Tuned Amplifiers and Frequency Selective Circuits (Page-520), Transient Response and Switching Speed (Page-561), Introduction to Digital Circuits and Integrated Circuit Logic Gates (Page-593), Flip-Flops Multivibrators, and Digital to- Analog and Analog-to-Digital Converters (Page-636).
650 #0 - SUBJECT ADDED ENTRY--TOPICAL TERM
Topical term or geographic name entry element Digital electronics.
650 #0 - SUBJECT ADDED ENTRY--TOPICAL TERM
Topical term or geographic name entry element Telecommunication engineering
650 #0 - SUBJECT ADDED ENTRY--TOPICAL TERM
Topical term or geographic name entry element Transistor amplifiers.
9 (RLIN) 96678
856 42 - ELECTRONIC LOCATION AND ACCESS
Materials specified Publisher description
Uniform Resource Identifier <a href="http://www.loc.gov/catdir/enhancements/fy0605/84015783-d.html">http://www.loc.gov/catdir/enhancements/fy0605/84015783-d.html</a>
856 42 - ELECTRONIC LOCATION AND ACCESS
Materials specified Table of contents only
Uniform Resource Identifier <a href="http://www.loc.gov/catdir/enhancements/fy0605/84015783-t.html">http://www.loc.gov/catdir/enhancements/fy0605/84015783-t.html</a>
942 ## - ADDED ENTRY ELEMENTS (KOHA)
Source of classification or shelving scheme
Koha item type Book
Holdings
Withdrawn status Lost status Source of classification or shelving scheme Damaged status Not for loan Permanent Location Current Location Shelving location Date acquired Full call number Barcode Date last seen Price effective from Koha item type Public note
          Military College of Signals (MCS) Military College of Signals (MCS) General Stacks 12/12/2016 621.3815,GHA MCS5564 12/08/2016 12/12/2016 Book Almirah No.32, Shelf No.6
© 2023 Central Library, National University of Sciences and Technology. All Rights Reserved.